000 00668nam a2200229Ia 4500
003 OSt
005 20220926000412.0
006 a|||||r|||| 00| 0
007 ta
008 220923b |||||||| |||| 00| 0 eng d
037 _cGeneral Book
040 _aRTL
_cRTL
_beng
041 _2eng
_aeng
082 _aX9(KZ).2.N73<N71r, L3
110 _aINDIAN COUNCIL OF AGRICULTURAL RESEARCH
_9260033
245 0 _aAnnual report,1971-73.
260 _a New Delhi
_bICAL
_c1973
300 _a234p.
_ccm.
700 _aINDIAN COUNCIL OF AGRICULTURAL RESEARCH
_9260035
942 _hX9(KZ).2.N73<N71r, L3
_cGB
_2CC
999 _c598978
_d598978